| 000 | 00845nam a2200289Ia 4500 | ||
|---|---|---|---|
| 001 | B3816 | ||
| 003 | IT-RoPAU | ||
| 008 | 130308s9999 xx 000 0 und d | ||
| 040 | _aIT-RoPAU | ||
| 040 | _cIT-RoPAU | ||
| 041 | _aSPAGNOLO | ||
| 100 | _aLiberti Luis O. | ||
| 100 | _gCodice Aut. SPICS: 37889 | ||
| 245 | _aEditorial Guadalupe | ||
| 245 | _bImagen nuestra de cada Dia (La)-Situacion del video pastoral En America Latina | ||
| 250 | _a1a ed. | ||
| 260 | _aCOLOMBIA | ||
| 260 | _bEdizioni Paoline Fsp | ||
| 260 | _c1992 [1° Ed.:1992 - Ed.Ling.Originale:1992] | ||
| 300 | _a"7 p. (prefazione: no ; testo: 7 [pagine: 143-149])" | ||
| 500 | _aNore Sulla Casa Editrice Guadalupe. | ||
| 650 | _aSAGGI PASTORALE COMUNICAZIONE SOCIALE | ||
| 650 | _eCodice materia Spics: 9311 | ||
| 942 | _cBK | ||
| 957 | _71 | ||
| 999 |
_c87221 _d87221 |
||
| 999 | _g1 | ||